000 00384nam a22001457a 4500
020 _qPB.
040 _cFIZZA ISHAQ
082 _a512
_bJAM
100 _aSTREETER,JAMES.
_9133294
245 _aCONTEMPORARY ALGEBRA /
_cJAMES STREETER.
250 _a3RD ED.
260 _aNEW YORK ;
_bMCGRAW HILL PRIMIS CUSTOM PUBLISHING,
_c2001.
300 _a858 P. ;
_c10.8X8.3IN
942 _2ddc
_cBK
999 _c616268
_d616268